| 000 | 00647nam a2200241 a 4500 | ||
|---|---|---|---|
| 001 | BRCA_5294 | ||
| 005 | 20190320205024.0 | ||
| 008 | 021210s1980----fr-a######---#000-0#fre-# | ||
| 041 | _afre | ||
| 044 | _afr | ||
| 050 | 4 |
_aHD9747 _b.P65 1980 |
|
| 245 | 1 | 0 | _aLes poinçons de garantie internationaux pour l’argent. |
| 250 | _a13 | ||
| 260 |
_aParís _bTardy _c1980 |
||
| 300 |
_a545 p. _bil. _c16 cm. |
||
| 500 | _aIncluye índice alfabético | ||
| 500 | _aDonación Dr. Héctor Rivero Borrell Vázquez | ||
| 504 | _aBibliografía: p. [524]-529 | ||
| 650 | 1 | 4 |
_aMoneda _913575 |
| 650 | 1 | 4 |
_aPlata _910572 |
| 902 | _aDHR | ||
| 942 |
_2lcc _cB |
||
| 999 |
_c4988 _d4988 |
||